000 00889nam a2200289 a 4500
001
003 DO-SdBNP
005 20240318092042.0
008 091001s2014 mx a r 000 0 spa d
020 _a9789681683832
040 _aDO-SdBNP
_bspa
_cBPMSU
082 _aM861.6
_bP348r 2014
_222
100 1 _aPaz Garro, Helena.
_d
245 1 0 _a La rueda de la fortuna /
_cHelena Paz Garro ; prólogo de Ernst Jünger.
260 _aMéxico:
_bFondo de Cultura Económica,
_c2014
300 _a123 p. :
_bil. ;
_c22 cm.
490 0 _aPoesía
590 _aInventariado, 2024/VM
650 4 _aPoesía mexicana
650 4 _aPrimavera
_vPoesías.
650 4 _aLiteratura mexicana
650 4 _aJóvenes
_vPoesías
700 1 _aJünger, Ernst
_epról.
710 2 _aFondo de Cultura Económica (México)
910 _aVMateo V. Cotrol de calidad. BPMSU
942 _2ddc
_cBK
999 _c14600
_d14600